000
00182 a2200097 4500
001
90183
090
_c
42523
_d
42523
100
_a
Bonani A
245
_a
The Book of Where
260
_b
Dean Pub
942
_a
NUST-CAE
999
_c
325256
_d
325256